000
00302nam a2200145Ia 4500
100
_a
Patwardhan/S.S
942
_c
BK
654
_a
physics
245
_a
Applied Physics I
260
_b
Nandu Book House
_a
Mumbai
_c
2007
082
_a
530/PAT
_b
PAT
300
_a
185
546
_a
ENGLISH
999
_c
30515
_d
30515